000 00808nam a2200217Ii 4500
003 JO-AjNU
008 230605s9999||||xx |||||||||||||| ||und||
017 _a1976/1063
040 _aJO-AjNU
_bara
_erda
_cJO-AjNU
041 _aara
050 1 4 _aPJ8040.A2
100 3 _aتاليف العبود،عبد الكريم توفيق,
_eauthor
_918677
245 0 0 _aالشعر العربي في العراق من سقوط السلاجقة حتى سقوط بغداد
264 3 1 _aبغداد: وزارة الاعلام، 1976
300 _a353ص
336 _atext
_btxt
_2rdacontent
337 _aunmediated
_bn
_2rdamedia
338 _avolume
_bnc
_2rdacarrier
490 0 _aسلسلة الكتب الحديثة 97
650 4 _aالشعر العربي في العراق-العراق-الشعر-تاريخ
_918678
999 _aA6019
_c9587
_d9587